Odgadnij logo - Statystyki

Ogólne statystyki
  • Ten quiz został rozwiązany 74 razy
    22 od ostatniego zresetowania
  • Średni wynik to 38 z 48
Statystyki odpowiedzi
Obrazkowy Odpowiedź % Poprawnych
Adidas
100%
Apple
100%
Google Chrome
100%
ING Bank Śląski
100%
Instagram
100%
JetPunk
100%
Kaufland
100%
KFC
100%
Legia Warszawa
100%
McDonald's
100%
Mercedes-Benz
100%
Orlen
100%
Pepsi
100%
Shell
100%
TikTok
100%
T-Mobile
100%
Wikipedia
100%
ChatGPT
93%
Mastercard
93%
Mlekovita
93%
Poczta Polska
93%
Polsat
93%
Real Madryt
93%
Starbucks
93%
Tesla
93%
Whatsapp
93%
X
93%
InPost
86%
Nestle
86%
Netto
86%
PKP Intercity
86%
Volkswagen
86%
Windows
86%
Rolex
79%
Louis Vuitton
71%
PKO BP Ekstraklasa
71%
Algida
64%
Edge
57%
Polo Ralph Lauren
57%
Tauron
50%
Adobe
43%
Nvidia
43%
PKO BP
43%
Unilever
29%
DeepSeek
21%
Polregio
21%
Solaris
21%
AGH
14%
Nie znaleziono quizów pasujących do podanych kryteriów
Rozkład punktacji
Procent ludzi z każdym wynikiem
Percentyl według liczby udzielonych odpowiedzi
Twoja historia wyników
Nie rozwiązałeś tego quizu od ostatniego zresetowania